"1,2,3 Report Writer" (Record no. 154746)
[ view plain ]
| 000 -LEADER | |
|---|---|
| fixed length control field | 00421nam a2200181Ia 4500 |
| 008 - FIXED-LENGTH DATA ELEMENTS--GENERAL INFORMATION | |
| fixed length control field | 240823s9999||||xx |||||||||||||| ||und|| |
| 082 ## - DEWEY DECIMAL CLASSIFICATION NUMBER | |
| -- | 4 |
| 100 ## - MAIN ENTRY--PERSONAL NAME | |
| Personal name | Lotus Corporation |
| 245 #0 - TITLE STATEMENT | |
| Title | "1,2,3 Report Writer" |
| 250 ## - EDITION STATEMENT | |
| Edition statement | 1st |
| 260 ## - PUBLICATION, DISTRIBUTION, ETC. (IMPRINT) | |
| Name of publisher, distributor, etc | Lotus |
| Place of publication, distribution, etc | New Dehi -02 |
| 500 ## - GENERAL NOTE | |
| General note | Transfered |
| 650 ## - SUBJECT ADDED ENTRY--TOPICAL TERM | |
| Topical term or geographic name as entry element | Lotus |
| 942 ## - ADDED ENTRY ELEMENTS (KOHA) | |
| Item type | Books |
| Withdrawn status | Lost status | Damaged status | Permanent location | Current location | Shelving location | Date acquired | Cost, normal purchase price | Full call number | Barcode | Date last seen | Koha item type |
|---|---|---|---|---|---|---|---|---|---|---|---|
| CENTRAL LIBRARY, NOORUL ISLAM CENTRE FOR HIGHER EDUCATION | CENTRAL LIBRARY, NOORUL ISLAM CENTRE FOR HIGHER EDUCATION | 05/09/2003 | 247.00 | 4 | 10537 | 08/23/2024 | Books |
